| 000 | 00427 a2200145 4500 | ||
|---|---|---|---|
| 020 | _a0007120818 | ||
| 082 | _a823.912 | ||
| 090 |
_c918 _d918 |
||
| 100 | _aChristie, Agatha. | ||
| 245 |
_aThe Big Four _cAgatha Christie |
||
| 260 |
_aLondon, _bCollins, _c1927. |
||
| 300 |
_a221 p. ; _c19 cm. |
||
| 650 | _a 1.Poirot, Hercule (Fictitious character) --Fiction.2. Private investigators --England --Fiction. | ||
| 942 |
_cBK _k823.912 CHR |
||
| 999 |
_c4886 _d4886 |
||